000 00184 a2200097 4500
020 _a9780440243076
041 _aeng
100 _aMary Balqgh
245 _athe devils web
942 _cBK
999 _c30585
_d30583